MARC

LEADER 00000nam0a2200000 4500
001 363479
005 20231101043749.0
035 |a (RuTPU)RU\TPU\retro\20826 
090 |a 363479 
100 |a 20211001d1980 km y0rusy50 ca 
101 0 |a rus 
102 |a UA 
105 |a a z 001zy 
200 1 |a Организация производства растворных и бетонных смесей  |f В. С. Балицкий 
210 |a Киев  |c Будiвельник  |d 1980 
215 |a 184 с.  |c ил. 
320 |a Библиогр.: с. 181-182 
606 1 |a Строительные растворы  |2 stltpush  |3 (RuTPU)RU\TPU\subj\71150 
610 1 |a бетонные смеси 
610 1 |a производство 
610 1 |a технология 
610 1 |a заполнители 
610 1 |a оборудование 
610 1 |a внешний транспорт 
610 1 |a размещение 
610 1 |a надежность 
610 1 |a обеспечение 
675 |a 666.971  |v 4 
700 1 |a Балицкий  |b В. С.  |g Виктор Сергеевич 
801 1 |a RU  |b 63413507  |c 20211001 
942 |c BK